Normal view
MARC view
Entry Personal Name
001 - CONTROL NUMBER
- control field: 2952
003 - CONTROL NUMBER IDENTIFIER
- control field: OSt
005 - DATE AND TIME OF LATEST TRANSACTION
- control field: 20220427112156.0
008 - FIXED-LENGTH DATA ELEMENTS
- fixed length control field: 220427|| aca||aabn | a|a d
040 ## - CATALOGING SOURCE
- Original cataloging agency: OSt
- Transcribing agency: OSt
100 ## - HEADING--PERSONAL NAME
- Personal name: Borza, Peter,
- Dates associated with a name: 1975-
670 ## - SOURCE DATA FOUND
- Source citation: Work cat.: (OSt)0: Golian, Ján, 1986- aut com 2947, (ne)obyčajný život farára